000 00545nam a22001817a 4500
003 UA-OsUOA
001 19451
007 ta
008 20040819b un ||||| |||| 00| 0 ukr d
100 _aПогонська В.
942 _cSA
040 _aUA-OsUOA
_cUA-OsUOA
_dUA-OsUOA
245 _aВАТ "Рівнеазот" у лідерах
_b[За підсумками роботи ]
300 _aС.9
955 _a0
773 0 _w0
_tСім днів
_dРівне
_d2004
_g№33/13 серп./
650 7 _aКраєзнавча робота
_2UDC
999 _c305622
_d305622